SCP Containment Breach Quiz - Statistics

General Stats
  • This quiz has been taken 45 times
  • The average score is 9 of 33
Answer Stats
Question Hint Answer % Correct
ID Given to the Protagonist. Disposable Personnel D-9341
71%
Mobile Task Force name in SCP CB. "Come on out, you're gonna die anyway." Epsilon-11 "Nine-Tailed Fox"
61%
What was used to cause the SCP CB. [01001111 01101100 01100100 00100000 01000001 01001001] SCP-079
57%
What caused the Alpha warhead protocol to be initiated SCP CB. [DATA-EXPUNGED] SCP-682
54%
The group behind SCP CB. "Should Intermittent Vengeance Arm Again His Red Right Hand To Plague Us" Chaos Insurgency
46%
Name of top side warheads. Four 1 kiloton hydrogen bombs designed to demolish the topside. Alpha Warheads
43%
What is used to re-contain SCP-106 in case of a SCP CB. [DATA-EXPUNGED] Femur Breaker
43%
Never ring it. If you hear it, he can touch you. [DATA-EXPUNGED] SCP-513
43%
Both of gate B endings result in. [DATA-EXPUNGED] Death of D-9341
39%
The poor researcher who lost his sanity to SCP-106 during the breach, being tormented throughout the game. "You may outrun him, run around, run run runrunrunrun and it means no. he just keeps going, coming, watching, smiling. I hate this place. My home is gone, and I hate this, and I hate." Doctor L
39%
Name of bottom side warhead. A 5 megaton warhead designed to destroy anything within 5 miles, including the facility. Omega Warheads
36%
What does SCP-049 sing when looking for the player? [DATA-EXPUNGED] Ring-a-ring O'Roses
36%
Who is the security guard who escorts you out of your cell. "Hey, they've got some work for ya. Do me a favor, and step out of your cell." Agent Ulgrin
32%
A Chaos agent disguised as a high-level researcher with his own office. Limping through the pocket dimension and before me I found a burnt note. Doctor George Maynard
32%
One method to escape the Pocket dimension is [] in the throne room. He watches you from his throne waiting for the piece of you that your about to give. Kneeling
32%
What site is the SCP CB location? [DATA-REDACTED] Site-19
32%
The weapon used in last ditch cases to stop an SCP from escaping, notably being used against 106. "SCP-106 has broken out of the facility at Gate A. Fire the [][] immediately. Do not let it across the bridge." H.I.D. Turret / High-Intensity Discharge Turret
29%
What is the main protagonist in SCP Containment Breach. He was a senior researcher at the Foundation before his memories were wiped, and was demoted to D-class Benjamin Oliver Walker
18%
The music producer that its commonly known for SCP CB The Dread Kevin Macleod
18%
"A hypothetical anomalous phenomenon" Disciplinary hearing DH-5-4137-17092 "Spiral Gestalt"
18%
If the player puts "suicide" into the console what is the output easter egg? "Subject D-9341 found dead in Sector [REDACTED]. The subject appears to have scribbled the letters "[]" in his own blood beside him" Outputs "kys"
14%
Who's the hidden man who appears on loading screens? "You look afraid. Don't be afraid. This is a dream. The last dream you may ever have, for nightmares are coming." SCP-990
14%
Out of all SCP-895 flashing images which one is real. [DATA-EXPUNGED] Skinned Dog
11%
If the game gets paused near SCP-173 or SCP-106 what message will appear? Can only happen once throughout a play through. "STOP HIDING"
11%
Name the unlucky guard who sobs in the Entrance zones men bathroom. "What the hell was that? Oh no. *Gunshot*" "Suicide guard"
11%
Name the agent sent into SCP-860-1 as the last person to go committed suicide. Female agent. Agent Izumi Junko
7%
The name of the wearer who left their badge that holds coordinates to a furnishing store in the U.K? [DATA-EXPUNGED] Emily Ross
7%
A major error in the game software that got turned into a joke. [ERROR-FILE-PROGRAM.END] "MEMORY ACCESS VIOLATION"
7%
What was the third gate B ending? "Sir there is a class D outside of the elevator to gate B. Should we send someone in to get him?" SCP-173 kills D-9341 at gate B
4%
The obscure room in SCP-106's Pocket dimension. "My name is not 106." Prison Room
4%
What was on the menu of the date containment breach happened? [DATA-EXPUNGED] Tuna Casserole
4%
When upon trying to complete the "bad composition" your character says what before succumbing to blood loss. "I have to... I have to finish it..." "It can't... It can't be completed!"
0%
Name of the warhead project in SCP CB. A proposition for nuclear device placement by doctor Harp "The Modular Site Project"
0%
No matching quizzes found
Score Distribution
Percent of People with Each Score
Percentile by Number Answered
Your Score History
You have not taken this quiz